00604nam a2200169 a 450000500170000000800410001702000180005805000240007624500610010026000400016130000100020144000400021150000210025165000280027299900190030095201150031920140412111312.0000830s19uu xx 00 eng d a0-8094-7164-7 aREF 030bC54Th 1996 aA Child's first library of learning :bthings around us. aHong Kong :bTime Life Asia,c1996. a87 p. aA Child's First Library of Learning aGrowing-Up Album aEncyclopedias, children c104040d104040 001040aELbELcREFd2000-08-30eLib. Fundl0oREF 030 C54Th 1996pE6308r2014-04-12 00:00:00w2014-04-12yBK